[Event "Moscow RGGU op"]
[Site "Moscow"]
[Date "2019.03.23"]
[Round "2"]
[White "Munos Vaskes, Ankhel"]
[Black "Ezhov, Alexandr"]
[Result "1-0"]
[WhiteElo "1551"]
[BlackElo "1322"]
[PlyCount "77"]
[EventDate "2019.03.16"]
[EventType "swiss"]
[EventRounds "7"]
[EventCountry "RUS"]
[SourceTitle "CBM 190 Extra"]
[Source "ChessBase"]
[SourceDate "2019.07.15"]
[SourceVersion "1"]
[SourceVersionDate "2019.07.15"]
[SourceQuality "1"]

1. e4 e5 2. Nf3 Nc6 3. Bc4 Bc5 4. c3 Nf6 5. 0-0 d5 6. exd5 Nxd5 7. b4 Be7 8. d3 0-0 9. Qb3 Be6 10. Na3 a5 11. b5 a4 12. Qc2 Na5 13. Nxe5 Nxc4 14. Naxc4 Bg5 15. Nf3 Bxc1 16. Qxc1 Nf6 17. Nce5 Ng4 18. c4 f6 19. Nxg4 Bxg4 20. Qe3 Re8 21. Qf4 h5 22. h3 g5 23. Qd2 Bxf3 24. gxf3 f5 25. Rad1 Kh7 26. Rfe1 Qf6 27. d4 Rg8 28. Re3 f4 29. Re5 g4 30. Rxh5+ Kg6 31. fxg4 Rh8 32. Qd3+ Kf7 33. Rf5 Raf8 34. Rxf6+ Kxf6 35. Re1 Kg5 36. Kh2 Rf7 37. Re5+ Kh4 38. Qg6 Rfh7 39. Qg5# 1-0

[Event "Moscow RGGU op"]
[Site "Moscow"]
[Date "2019.03.16"]
[Round "1"]
[White "Ezhov, Alexandr"]
[Black "Popov, Nikita A"]
[Result "0-1"]
[WhiteElo "1322"]
[BlackElo "1878"]
[PlyCount "72"]
[EventDate "2019.03.16"]
[EventType "swiss"]
[EventRounds "7"]
[EventCountry "RUS"]
[SourceTitle "CBM 190 Extra"]
[Source "ChessBase"]
[SourceDate "2019.07.15"]
[SourceVersion "1"]
[SourceVersionDate "2019.07.15"]
[SourceQuality "1"]

1. e4 c6 2. d4 d5 3. e5 c5 4. c3 Nc6 5. Bb5 Qb6 6. Qb3 e6 7. Nf3 Bd7 8. Bxc6 Bxc6 9. Qxb6 axb6 10. 0-0 Ne7 11. Bg5 Bb5 12. Rc1 Nf5 13. Nbd2 h6 14. Bh4 g5 15. Bg3 Be7 16. h3 h5 17. Bh2 g4 18. hxg4 hxg4 19. Ne1 cxd4 20. c4 Bc6 21. Bf4 Bh4 22. g3 Be7 23. f3 gxf3 24. Nexf3 dxc4 25. Rxc4 Kd7 26. Nxd4 Rh1+ 27. Kf2 Rxa1 28. Nxc6 bxc6 29. g4 Bc5+ 30. Ke2 Nd4+ 31. Kd3 R8xa2 32. Rxd4+ Bxd4 33. Kxd4 Rxb2 34. Nc4 Rb4 35. Be3 b5 36. Kc3 Rxc4+ 0-1